Logo BPK

Biblioteka

Politechniki Koszalińskiej

Obróbka plastyczna : (Rekord nr 4695)

Szczegóły MARC
000 -ETYKIETA REKORDU
podpole kontrolne o stałej długości 00359nam a2200133 i 4500
001 - NUMER KONTROLNY REKORDU
pole kontrolne bg
040 ## - ŹRÓDŁO KATALOGOWANIA
Instytucja, która utworzyła rekord BPK
041 ## - KOD JĘZYKA
Kod języka tekstu pol
008 - POLE O STAŁEJ DŁUGOŚCI - DANE KONTROLNE
podpole kontrolne o stałej długości s pl f |000 0 pol
245 #0 - TYTUŁ/ODPOWIEDZIALNOŚĆ
Tytuł Obróbka plastyczna :
Ciąg dalszy tytułu technologia : oprac. zbiorowe /
Pozostałe elementy strefy tytułu i oznaczenia odpowiedzialności pod red. Wiesława Werońskiego.
260 ## - STREFA ADRESU WYDAWNICZEGO
Miejsce wydania Lublin,
Data publikacji, dystrybucji/powstania dokumentu 1991.
700 1# - HASŁO DODATKOWE - NAZWA OSOBOWA
Nazwa osobowa WEROŃSKI, Wiesław.
Określenie związku między hasłem a opisywanym materiałem Red.
856 ## - LOKALIZACJA I DOSTĘP DO ELEKTRONICZNYCH DOKUMENTÓW ZDALNYCH
Link (URL) http://koha.tu.koszalin.pl/cgi-bin/koha/opac-detail.pl?biblionumber=4695
Tekst linku Katalog online BPK
942 ## - DODATKOWE ELEMENTY (KOHA)
Typ dokumentu Książka
Egzemplarze
Wycofany Status egzemplarza Uszkodzony Dostępność Lokalizacja stała Lokalizacja bieżąca Miejsce przechowywania Sygnatura Kod kreskowy Ostatnio wypożyczono Typ dokumentu
      Dostępny Biblioteka Politechniki Koszalińskiej Biblioteka Politechniki Koszalińskiej Wypożyczalnia BG P 41807 01056341 26.01.2019 Książka
© 2023 Biblioteka Politechniki Koszalińskiej :: KOHA